[Event "POLFINAL MISTRZOSTW POLSKI JUNIOROW 2017 - C13"]
[Site "Jastrzebia Gora"]
[Date "2017-11-15"]
[Round "7.13"]
[White "Bekier, Piotr"]
[Black "Szymanczyk, Lukasz"]
[Result "1/2-1/2"]
[WhiteTitle "II"]
[BlackTitle "II"]
[WhiteElo "1193"]
[BlackElo "1158"]

1. d4 d5 2. c4 e6 3. Nc3 Nf6 4. Bg5 Be7 5. Nf3 Nbd7 6. e3 a6 7. cxd5 exd5 8. Bd3
h6 9. Bh4 c6 10. O-O O-O 11. Bg3 Re8 12. Ne5 Nxe5 13. Bxe5 Bd6 14. f4 Ng4 15.
Qf3 f6 16. h3 fxe5 17. dxe5 Bxe5 18. hxg4 Bxc3 19. bxc3 Qe7 20. Rae1 Qc5 21. Bg6
Re7 22. g5 Qxc3 23. gxh6 gxh6 24. f5 Qf6 25. Qh5 Qg5 26. Qxg5 hxg5 27. f6 Re6
28. f7+ Kf8 29. Bh7 Re7 30. Bg6 Be6 31. Rf6 Kg7 32. Ref1 Rf8 33. Kh2 d4 34. exd4
Bxf7 35. Rxf7+ Rexf7 36. Bxf7 Rxf7 37. Re1 Rd7 38. Kg3 Kg6 39. Rb1 1/2-1/2

[Event "POLFINAL MISTRZOSTW POLSKI JUNIOROW 2017 - C13"]
[Site "Jastrzebia Gora"]
[Date "2017-11-15"]
[Round "7.14"]
[White "Maron, Wojciech"]
[Black "Rozalski, Marcin"]
[Result "0-1"]
[WhiteTitle "III"]
[BlackTitle "II"]
[WhiteElo "1128"]
[BlackElo "1153"]

1. e4 c5 2. Nf3 d6 3. d4 cxd4 4. Nxd4 Nf6 5. f3 g6 6. c4 Bg7 7. Nc3 O-O 8. Be2
Nc6 9. Be3 Bd7 10. Nb3 Rc8 11. O-O Ne5 12. Qd4 a6 13. Nd2 Nh5 14. Qb6 Qxb6 15.
Bxb6 Nf4 16. Nd5 Nxe2+ 17. Kf2 Nf4 18. Nxe7+ Kh8 19. Nxc8 Rxc8 20. b3 Ned3+ 21.
Ke3 Bxa1 22. Rxa1 g5 23. g3 Nb4 24. Bd4+ Kg8 25. Rb1 Nc2+ 26. Kf2 Nh3+ 27. Ke2
Nxd4+ 28. Ke3 Nc6 29. f4 h6 30. Kf3 Re8 31. f5 Nd4+ 32. Kg2 g4 33. Nf1 Bc6 34.
Nd2 Bxe4+ 35. Nxe4 Rxe4 36. c5 dxc5 37. b4 Re2+ 38. Kf1 Rxh2 39. f6 Nf3 40. Rb3
Rf2# 0-1

[Event "POLFINAL MISTRZOSTW POLSKI JUNIOROW 2017 - C13"]
[Site "Jastrzebia Gora"]
[Date "2017-11-15"]
[Round "7.15"]
[White "Grzechowiak, Kacper"]
[Black "Pieczulis, Blazej"]
[Result "0-1"]
[WhiteTitle "II"]
[BlackTitle "II"]
[WhiteElo "1289"]
[BlackElo "1229"]

1. e4 e6 2. d4 d5 3. Nc3 Nf6 4. e5 Nfd7 5. f4 c5 6. Nf3 Nc6 7. Bb5 a6 8. Bxc6 bxc6
9. O-O cxd4 10. Nxd4 c5 11. Nde2 g6 12. g4 Bg7 13. Ng3 O-O 14. Qf3 Bb7 15. Qd1
Qb6 16. Rf2 Rad8 17. h4 f6 18. exf6 Bxf6 19. g5 Bd4 20. h5 c4 21. Na4 Bxf2+ 22.
Kg2 Qa7 23. hxg6 hxg6 24. Qg4 Bxg3 25. Qxe6+ Kg7 26. Kxg3 Qg1+ 27. Kf3 d4+ 0-1